| 000 | 01606nam a2200457 i 4500 | ||
|---|---|---|---|
| 001 | 14574 | ||
| 003 | KOSZ 005 | ||
| 005 | 20191026091848.0 | ||
| 008 | 191026s1972 pl a f f 000 0 pol | ||
| 015 | _aPB 1972/7497 | ||
| 035 | _a991037075929705066 | ||
| 035 | _a(PL-WaBN)b19948098-48omnis_nlop | ||
| 035 | _ab19948098 | ||
| 035 | _a(OCoLC)749370031 | ||
| 035 | _a(PL)b0000001994809 | ||
| 035 | _a(EXLNZ-48OMNIS_NETWORK)9910244449205606 | ||
| 040 |
_aWA N _cWA N _dKOSZ 005/RW |
||
| 041 | 1 |
_apol _hrus |
|
| 046 | _k1967 | ||
| 080 | _a53 | ||
| 100 | 1 |
_aVol'kenštejn, Valentina Sergeevna _eAutor |
|
| 245 | 1 | 0 |
_aZbiór zadań z fizyki / _cW. S. Wolkensztejn ; [z rosyjskiego tłumaczył Jerzy Wojciech Tarczyński]. |
| 246 | 1 |
_iTytuł oryginału: _aSbornik zadač po obŝemu kursu fiziki |
|
| 250 | _aWydanie 2 poprawione. | ||
| 260 |
_aWarszawa : _bPaństwowe Wydawnictwo Naukowe, _c1972. |
||
| 300 |
_a415, [1] stron : _bilustracje ; _c21 cm. |
||
| 336 |
_aTekst _btxt _2rdacontent |
||
| 337 |
_aBez urządzenia pośredniczącego _bn _2rdamedia |
||
| 338 |
_aWolumin _bnc _2rdacarrier |
||
| 380 | _aKsiążki | ||
| 380 | _aPublikacje dydaktyczne | ||
| 388 | _a1901-2000 | ||
| 650 | 7 |
_aFizyka _2DBN |
|
| 655 | 7 |
_aĆwiczenia i zadania _2DBN |
|
| 658 | _aFizyka i astronomia | ||
| 700 | 1 |
_aTarczyński, Jerzy Wojciech _eTłumaczenie |
|
| 710 | 2 |
_aPaństwowe Wydawnictwo Naukowe _4pbl |
|
| 856 |
_uhttp://koha.tu.koszalin.pl/cgi-bin/koha/opac-detail.pl?biblionumber=14574 _yKatalog online BPK |
||
| 942 |
_2UKD _cKS |
||
| 999 |
_c14574 _d14574 |
||